Statistics for Biggest African Cities by Letter - U

Click here to take the quiz!

General Stats

  • This quiz has been taken 15 times
  • The average score is 2 of 6

Answer Stats

CountryPopulationCity% Correct
Nigeria427,873Uyo
85%
Angola116,751Uige
38%
South Africa242,924Uitenhage
31%
Nigeria359,230Umuahia
15%
DRC337,488Uvira
15%
Nigeria187,000Ugep
8%

Score Distribution

Percentile by Number Answered

Percent of People with Each Score

Your Score History

You have not taken this quiz